| 000 | 00441nam a22001817a 4500 | ||
|---|---|---|---|
| 999 |
_c2878 _d2878 |
||
| 003 | OSt | ||
| 005 | 20181019101341.0 | ||
| 008 | 181019b ||||| |||| 00| 0 eng d | ||
| 020 | _a1852401621 | ||
| 040 | _cDLC | ||
| 082 |
_a230 _bB877B |
||
| 100 | _aBrown, Derek | ||
| 245 |
_aExplaining Bread & Wine / _cBy Derek Brown. |
||
| 260 |
_aEngland : _bSovereign World, _cc1998. |
||
| 300 | _a47 p.: | ||
| 630 | _aBread & Wine | ||
| 942 |
_2ddc _cBK |
||